Science - Physics | 0 | 7 | 0 | 0 | 70 | 112 | 116.71 | 0 | 0 |
Literature - World and Miscellaneous | 0 | 6 | 0 | 0 | 60 | 84 | 117.50 | 0 | 0 |
Fine Arts - Painting | 2 | 2 | 0 | 0 | 50 | 50 | 87.25 | 0 | 0 |
Science - Biology | 0 | 5 | 0 | 0 | 50 | 110 | 119.60 | 0 | 0 |
RMP - Philosophy | 1 | 3 | 0 | 0 | 45 | 62 | 88.00 | 0 | 0 |
Literature - British | 0 | 4 | 0 | 0 | 40 | 125 | 131.75 | 0 | 0 |
Literature - European | 0 | 4 | 0 | 0 | 40 | 83 | 103.50 | 0 | 0 |
Literature - American | 0 | 4 | 0 | 0 | 40 | 116 | 126.50 | 0 | 0 |
Science - Chemistry | 1 | 2 | 0 | 0 | 35 | 37 | 78.67 | 0 | 0 |
Other - Other Academic and General Knowledge | 0 | 3 | 0 | 0 | 30 | 97 | 100.33 | 0 | 0 |
Geography - United States | 1 | 1 | 0 | 0 | 25 | 29 | 59.00 | 1 | 1 |
Social Science - Psychology | 1 | 1 | 0 | 0 | 25 | 25 | 64.50 | 1 | 1 |
RMP - Islam | 0 | 2 | 0 | 0 | 20 | 99 | 111.00 | 0 | 0 |
History - Cross, Historiography, and Miscellaneous | 0 | 2 | 0 | 0 | 20 | 123 | 126.50 | 0 | 0 |
History - European | 0 | 2 | 0 | 0 | 20 | 116 | 117.50 | 0 | 0 |
Fine Arts - Music | 0 | 2 | 0 | 0 | 20 | 112 | 118.00 | 0 | 0 |
Current Events - World | 0 | 1 | 0 | 0 | 10 | 67 | 67.00 | 0 | 0 |
History - World | 0 | 1 | 0 | 0 | 10 | 122 | 122.00 | 0 | 0 |
RMP - Buddhism | 0 | 1 | 0 | 0 | 10 | 119 | 119.00 | 0 | 0 |
RMP - Hebrew Bible | 0 | 1 | 0 | 0 | 10 | 105 | 105.00 | 0 | 0 |
RMP - Jewish Practice | 0 | 1 | 0 | 0 | 10 | 127 | 127.00 | 0 | 0 |
RMP - World Mythology | 0 | 1 | 0 | 0 | 10 | 80 | 80.00 | 0 | 0 |
Science - Astronomy | 0 | 1 | 0 | 0 | 10 | 116 | 116.00 | 0 | 0 |
Science - Earth | 0 | 1 | 0 | 0 | 10 | 71 | 71.00 | 0 | 0 |
Science - Engineering and Miscellaneous | 0 | 1 | 0 | 0 | 10 | 75 | 75.00 | 0 | 0 |
Science - Math | 0 | 1 | 0 | 0 | 10 | 125 | 125.00 | 0 | 0 |
Social Science - Economics | 0 | 1 | 0 | 0 | 10 | 87 | 87.00 | 0 | 0 |
Social Science - Linguistics | 0 | 1 | 0 | 0 | 10 | 65 | 65.00 | 0 | 0 |
Geography - World | 0 | 0 | 0 | 0 | 0 | | 0.00 | 0 | 0 |
RMP - East Asian Religion | 0 | 0 | 0 | 0 | 0 | | 0.00 | 0 | 0 |
RMP - Greco-Roman Mythology | 0 | 0 | 0 | 0 | 0 | | 0.00 | 0 | 0 |
Fine Arts - Miscellaneous | 0 | 0 | 0 | 0 | 0 | | 0.00 | 0 | 0 |
RMP - Christian Practice | 0 | 0 | 0 | 0 | 0 | | 0.00 | 0 | 0 |
Science - Computer Science | 0 | 0 | 0 | 0 | 0 | | 0.00 | 0 | 0 |
RMP - Other Religion | 0 | 0 | 0 | 0 | 0 | | 0.00 | 0 | 0 |
History - American | 0 | 0 | 0 | 0 | 0 | | 0.00 | 0 | 0 |
Fine Arts - Architecture | 0 | 0 | 0 | 0 | 0 | | 0.00 | 0 | 0 |
Fine Arts - Ballet/Dance | 0 | 0 | 0 | 0 | 0 | | 0.00 | 0 | 0 |